000 00555nam a2200217Ia 4500
003 OSt
005 20221005120741.0
006 a|||||r|||| 00| 0
007 ta
008 221004b |||||||| |||| 00| 0 hin d
024 _a49831
037 _cTextual
040 _aCRL
_cCRL
_bhin
041 _2hin
_ahin
082 _aO152,3N26,1, 31K6
100 _aBharathi
_9626762
245 0 _aEzhavathu ruthirai
650 _aHINDI LITERATURE
_923866
942 _hO152,3N26,1, 31K6
_cTEXL
_2cc
999 _c1039030
_d1039030